<?xml version="1.0" encoding="UTF-8"?>
<record
    xmlns:xsi="http://www.w3.org/2001/XMLSchema-instance"
    xsi:schemaLocation="http://www.loc.gov/MARC21/slim http://www.loc.gov/standards/marcxml/schema/MARC21slim.xsd"
    xmlns="http://www.loc.gov/MARC21/slim">

  <leader>01238nam a2200361 a 4500</leader>
  <controlfield tag="001">000025298</controlfield>
  <controlfield tag="003">DO-SdBNP</controlfield>
  <controlfield tag="005">20180323160838.0</controlfield>
  <controlfield tag="007">000025298</controlfield>
  <controlfield tag="008">110214s2003    dr a          001 0bspa d</controlfield>
  <datafield tag="020" ind1=" " ind2=" ">
    <subfield code="a">9993476994</subfield>
  </datafield>
  <datafield tag="040" ind1=" " ind2=" ">
    <subfield code="a">BPMSU</subfield>
    <subfield code="b">spa</subfield>
    <subfield code="c">BPMSU</subfield>
  </datafield>
  <datafield tag="082" ind1=" " ind2=" ">
    <subfield code="a">923.31</subfield>
    <subfield code="b">B142C</subfield>
  </datafield>
  <datafield tag="100" ind1="1" ind2=" ">
    <subfield code="a">Cass&#xE1;, Roberto,</subfield>
    <subfield code="d">1948-</subfield>
  </datafield>
  <datafield tag="245" ind1="1" ind2="0">
    <subfield code="a">Mauricio B&#xE1;ez :</subfield>
    <subfield code="b">l&#xED;der del proletariado /</subfield>
    <subfield code="c">Roberto Cass&#xE1; ; ilustraciones Ramiro Manzano.</subfield>
  </datafield>
  <datafield tag="260" ind1=" " ind2=" ">
    <subfield code="a">Santo Domingo :</subfield>
    <subfield code="b">Tobog&#xE1;n,</subfield>
    <subfield code="c">2003.</subfield>
  </datafield>
  <datafield tag="300" ind1=" " ind2=" ">
    <subfield code="a">57 p. :</subfield>
    <subfield code="b">il. ;</subfield>
    <subfield code="c">21 cm.</subfield>
  </datafield>
  <datafield tag="490" ind1="1" ind2=" ">
    <subfield code="a">Biograf&#xED;as dominicanas</subfield>
  </datafield>
  <datafield tag="504" ind1=" " ind2=" ">
    <subfield code="a">Bibliograf&#xED;a: p. 57</subfield>
  </datafield>
  <datafield tag="600" ind1="1" ind2="4">
    <subfield code="a">B&#xC1;EZ, MAURICIO</subfield>
    <subfield code="d">1910-1950</subfield>
  </datafield>
  <datafield tag="650" ind1=" " ind2="4">
    <subfield code="a">LIDERES OBREROS</subfield>
    <subfield code="z">REP&#xDA;BLICA DOMINICANA</subfield>
  </datafield>
  <datafield tag="650" ind1=" " ind2="4">
    <subfield code="a">TRABAJO Y TRABAJADORES</subfield>
    <subfield code="z">REP&#xDA;BLICA DOMINICANA</subfield>
  </datafield>
  <datafield tag="650" ind1=" " ind2="4">
    <subfield code="a">SINDICATOS</subfield>
    <subfield code="x">ACTIVIDAD POL&#xCD;TICA</subfield>
    <subfield code="z">REP&#xDA;BLICA DOMINICANA</subfield>
  </datafield>
  <datafield tag="700" ind1="1" ind2=" ">
    <subfield code="a">Manzano, Ramiro</subfield>
    <subfield code="e">il.</subfield>
  </datafield>
  <datafield tag="830" ind1=" " ind2="0">
    <subfield code="a">Biograf&#xED;as dominicanas</subfield>
  </datafield>
  <datafield tag="910" ind1=" " ind2=" ">
    <subfield code="a">Validado. Control de calidad  MFF</subfield>
  </datafield>
  <datafield tag="942" ind1=" " ind2=" ">
    <subfield code="2">ddc</subfield>
    <subfield code="c">BK</subfield>
  </datafield>
  <datafield tag="945" ind1=" " ind2=" ">
    <subfield code="a">Remanejado para la BNPHU / VM</subfield>
  </datafield>
  <datafield tag="952" ind1=" " ind2=" ">
    <subfield code="0">0</subfield>
    <subfield code="1">0</subfield>
    <subfield code="2">ddc</subfield>
    <subfield code="4">0</subfield>
    <subfield code="7">0</subfield>
    <subfield code="8">CD</subfield>
    <subfield code="a">BPMET</subfield>
    <subfield code="b">BPMET</subfield>
    <subfield code="d">2015-02-20</subfield>
    <subfield code="e">Donaci&#xF3;n</subfield>
    <subfield code="l">0</subfield>
    <subfield code="o">923.31 B142C</subfield>
    <subfield code="p">BPMSU15040062</subfield>
    <subfield code="r">2015-02-20</subfield>
    <subfield code="w">2015-02-20</subfield>
    <subfield code="y">BK</subfield>
  </datafield>
  <datafield tag="956" ind1=" " ind2=" ">
    <subfield code="a">YPOLANCO</subfield>
    <subfield code="b">10</subfield>
    <subfield code="c">20110214</subfield>
    <subfield code="l">BND01</subfield>
    <subfield code="h">1450</subfield>
  </datafield>
  <datafield tag="956" ind1=" " ind2=" ">
    <subfield code="a">VMATEO</subfield>
    <subfield code="b">10</subfield>
    <subfield code="c">20110215</subfield>
    <subfield code="l">BND01</subfield>
    <subfield code="h">1043</subfield>
  </datafield>
  <datafield tag="956" ind1=" " ind2=" ">
    <subfield code="a">EMARRERO</subfield>
    <subfield code="b">10</subfield>
    <subfield code="c">20131211</subfield>
    <subfield code="l">BND01</subfield>
    <subfield code="h">2236</subfield>
  </datafield>
  <datafield tag="956" ind1=" " ind2=" ">
    <subfield code="a">VMATEO</subfield>
    <subfield code="b">10</subfield>
    <subfield code="c">20150903</subfield>
    <subfield code="l">BPMSU</subfield>
    <subfield code="h">00151</subfield>
  </datafield>
  <datafield tag="999" ind1=" " ind2=" ">
    <subfield code="c">7464</subfield>
    <subfield code="d">7464</subfield>
  </datafield>
</record>
